[Event "BEL-ch op"]
[Site "Niel"]
[Date "2017.07.07"]
[Round "7"]
[White "Van Vlaenderen, Koen"]
[Black "Van Bunderen, Gert"]
[Result "1-0"]
[WhiteElo "2006"]
[BlackElo "1876"]
[PlyCount "115"]
[EventDate "2017.07.01"]
[EventType "swiss"]
[EventRounds "9"]
[EventCountry "BEL"]
[SourceTitle "EXT 2018"]
[Source "ChessBase"]
[SourceDate "2017.10.13"]
[SourceVersion "1"]
[SourceVersionDate "2017.10.13"]
[SourceQuality "1"]

1. d4 d5 2. c4 e6 3. g3 Nf6 4. Nf3 Be7 5. Bg2 0-0 6. 0-0 Nbd7 7. Qc2 Rb8 8. cxd5 Nxd5 9. a3 c5 10. e4 N5f6 11. Bf4 Ra8 12. dxc5 Bxc5 13. Nc3 a6 14. Rad1 Nh5 15. Bc1 g6 16. e5 Rb8 17. Ne4 Be7 18. g4 Ng7 19. g5 b6 20. Nf6+ Bxf6 21. exf6 Nh5 22. Ne5 Qe8 23. Bc6 Nxe5 24. Bxe8 Nf3+ 25. Kg2 Bb7 26. Bc6 Rbc8 27. Bxb7 Nh4+ 28. Kh3 Rxc2 29. Kxh4 Rc4+ 30. Kh3 h6 31. Bxa6 Rc5 32. Be2 hxg5 33. Bxh5 gxh5 34. f3 Kh7 35. Bd2 Rg8 36. Rg1 Rf5 37. Rdf1 g4+ 38. fxg4 hxg4+ 39. Kg2 Rb5 40. Bc3 Rg6 41. Rf2 Rd5 42. Re1 Rh5 43. Re3 Rgh6 44. Be5 Kg6 45. a4 Rh8 46. Re4 Kg5 47. Rb4 Rc8 48. Rxb6 Kg6 49. Rb5 Rc4 50. b3 Re4 51. Bc3 Rh8 52. a5 Rc8 53. Bd2 Rd8 54. a6 Red4 55. Be3 Rd1 56. a7 Ra1 57. Rb8 Rdd1 58. Re2 1-0

[Event "Charleroi op"]
[Site "Charleroi"]
[Date "2015.08.04"]
[Round "5"]
[White "Stromboli, Ettore"]
[Black "Van Vlaenderen, Koen"]
[Result "1-0"]
[WhiteElo "2324"]
[BlackElo "1971"]
[PlyCount "75"]
[EventDate "2015.08.01"]
[EventType "swiss"]
[EventRounds "9"]
[EventCountry "BEL"]
[SourceTitle "CBM 167 Extra"]
[Source "ChessBase"]
[SourceDate "2015.09.14"]
[SourceVersion "1"]
[SourceVersionDate "2015.09.14"]
[SourceQuality "1"]

1. e4 c5 2. Nf3 Nc6 3. d4 cxd4 4. Nxd4 e5 5. Nb5 d6 6. N1c3 a6 7. Na3 b5 8. Nd5 Nf6 9. Bg5 Be7 10. Bxf6 Bxf6 11. c3 Bg5 12. Nc2 Ne7 13. a4 bxa4 14. Ncb4 0-0 15. Rxa4 a5 16. Nxe7+ Qxe7 17. Nd5 Qb7 18. b3 Kh8 19. Bc4 f5 20. exf5 Bxf5 21. 0-0 Bd7 22. Ra2 Bc6 23. Qd3 a4 24. bxa4 Ra5 25. Rb1 Qa8 26. Nc7 e4 27. Qxd6 Bf4 28. Qxf4 Rxf4 29. Nxa8 Rxa8 30. Bb5 Bd5 31. Rd2 Bf7 32. Rbd1 Bb3 33. Rd8+ Rf8 34. Rxf8+ Rxf8 35. Rd4 Re8 36. c4 Bc2 37. a5 Kg8 38. a6 1-0

[Event "Charleroi op"]
[Site "Charleroi"]
[Date "2010.08.06"]
[Round "8"]
[White "Van Vlaenderen, Koen"]
[Black "Bolzoni, Victor Angel"]
[Result "0-1"]
[WhiteElo "2056"]
[BlackElo "2240"]
[PlyCount "72"]
[EventDate "2010.07.31"]
[EventType "swiss"]
[EventRounds "9"]
[EventCountry "BEL"]
[SourceTitle "CBM 137 Extra"]
[Source "ChessBase"]
[SourceDate "2010.09.01"]
[SourceVersion "1"]
[SourceVersionDate "2010.09.01"]
[SourceQuality "1"]

1. e4 c5 2. Nf3 Nc6 3. d4 cxd4 4. Nxd4 Nf6 5. Nc3 e6 6. Bg5 h6 7. Be3 Bb4 8. Qf3 Bxc3+ 9. bxc3 Qa5 10. Bd2 Qe5 11. Nb5 0-0 12. Bd3 Nb4 13. Nd4 Nxd3+ 14. cxd3 d5 15. Bf4 dxe4 16. Bxe5 exf3 17. Nxf3 b6 18. Rg1 Rd8 19. Ke2 Ba6 20. c4 Nd7 21. a4 Nc5 22. Rgd1 f6 23. Bb2 e5 24. Ke3 Rd7 25. Ne1 Rad8 26. Ba3 Nb3 27. Rab1 Bxc4 28. Rb2 Nd4 29. Bb4 Bb3 30. Ra1 a5 31. Ba3 Kf7 32. Rab1 Bxa4 33. Rxb6 Nc2+ 34. Nxc2 Rxd3+ 35. Ke4 Bxc2 36. R1b2 R8d4+ 0-1

[Event "Roux CREC op"]
[Site "Roux"]
[Date "2009.07.27"]
[Round "4"]
[White "Leloutre, Bernard"]
[Black "Van Vlaenderen, Koen"]
[Result "1/2-1/2"]
[WhiteElo "1846"]
[BlackElo "2008"]
[PlyCount "102"]
[EventDate "2009.07.25"]
[EventType "swiss"]
[EventRounds "9"]
[EventCountry "BEL"]
[SourceTitle "EXT 2010"]
[Source "ChessBase"]
[SourceDate "2010.11.25"]
[SourceVersion "1"]
[SourceVersionDate "2010.11.25"]
[SourceQuality "1"]

1. c4 Nf6 2. Nc3 g6 3. e4 d6 4. d4 Bg7 5. Nf3 0-0 6. Be2 e5 7. dxe5 dxe5 8. Qxd8 Rxd8 9. Bg5 Re8 10. 0-0-0 Na6 11. Nd2 c6 12. f3 Nc7 13. Nb3 Ne6 14. Be3 Nd7 15. Rd2 Bf8 16. a3 Ndc5 17. Kc2 a5 18. Rhd1 a4 19. Nxc5 Bxc5 20. Bxc5 Nxc5 21. Na2 Be6 22. Nc1 Kf8 23. Rd6 Ke7 24. Kc3 Bd5 25. R6xd5 cxd5 26. exd5 Kd6 27. Nd3 Nb3 28. Kb4 Nd4 29. Nc1 Rec8 30. Bd3 Rc5 31. Ne2 Nxe2 32. Bxe2 Ra6 33. Rd2 f5 34. Bd1 Rb6+ 35. Kc3 Ra5 36. Re2 Rba6 37. Kb4 Ra8 38. Bc2 R5a6 39. Kb5 b6 40. h3 Ra5+ 41. Kb4 R5a7 42. Kb5 Re7 43. Bxa4 e4 44. f4 g5 45. fxg5 f4 46. Bd1 e3 47. a4 Rf8 48. Rc2 Rfe8 49. Be2 Rg8 50. h4 Ra8 51. b4 Rb7 1/2-1/2

[Event "Ghent Taminco op 31st"]
[Site "Ghent"]
[Date "2008.07.21"]
[Round "5"]
[White "Van Vlaenderen, Koen"]
[Black "Muhren, Bianca"]
[Result "0-1"]
[WhiteElo "2012"]
[BlackElo "2278"]
[PlyCount "48"]
[EventDate "2008.07.19"]
[EventType "swiss"]
[EventRounds "9"]
[EventCountry "BEL"]
[SourceTitle "CBM 125 Extra"]
[Source "ChessBase"]
[SourceDate "2008.09.01"]
[SourceVersion "1"]
[SourceVersionDate "2008.09.01"]
[SourceQuality "1"]

1. e4 c5 2. d4 cxd4 3. c3 dxc3 4. Nxc3 Nc6 5. Nf3 e6 6. Bc4 a6 7. Bf4 b5 8. Bb3 Nge7 9. Bd6 Ng6 10. 0-0 Be7 11. Rc1 0-0 12. Re1 Bb7 13. Re3 Rc8 14. Rd3 Bxd6 15. Rxd6 Nce5 16. Nxe5 Nxe5 17. f4 Ng6 18. f5 exf5 19. exf5 Qg5 20. Bd5 Bxd5 21. Rxd5 Nf4 22. Rd2 b4 23. Ne4 Ne2+ 24. Kh1 Qxd2 0-1

[Event "Brasschaat op 04th"]
[Site "Brasschaat"]
[Date "2004.08.27"]
[Round "7"]
[White "Van Vlaenderen, Koen"]
[Black "Fogel, Pierre"]
[Result "0-1"]
[WhiteElo "2103"]
[BlackElo "2087"]
[PlyCount "120"]
[EventDate "2004.08.21"]
[EventType "swiss"]
[EventRounds "9"]
[EventCountry "BEL"]
[SourceTitle "EXT 2017"]
[Source "ChessBase"]
[SourceDate "2016.10.25"]
[SourceVersion "1"]
[SourceVersionDate "2016.10.25"]
[SourceQuality "1"]

1. e4 c5 2. Nf3 d6 3. d4 cxd4 4. Nxd4 Nf6 5. Nc3 a6 6. Be2 e5 7. Nb3 Be7 8. 0-0 0-0 9. Be3 Be6 10. Nd5 Nbd7 11. f3 Bxd5 12. exd5 Rc8 13. c4 b6 14. Nd2 a5 15. a3 b5 16. b4 axb4 17. axb4 Nb6 18. Qb3 bxc4 19. Bxc4 Nxc4 20. Nxc4 Nxd5 21. Ba7 Nxb4 22. Bb6 Qe8 23. Qxb4 d5 24. Qd2 dxc4 25. Rfc1 Qc6 26. Ba5 Bc5+ 27. Kh1 Bd4 28. Bc3 Rfd8 29. Rab1 h6 30. h3 Bxc3 31. Qxc3 e4 32. fxe4 Qxe4 33. Re1 Qd3 34. Qa1 c3 35. Qa2 c2 36. Rbc1 Qc4 37. Qb2 Rd2 38. Qe5 Qc6 39. Qg3 Rcd8 40. Kh2 R8d3 41. Qg4 Qd6+ 42. Kh1 Rd1 43. Qc8+ Qd8 44. Qxc2 Rxe1+ 45. Rxe1 Rd6 46. Rc1 g6 47. Kh2 Qg5 48. Qc8+ Rd8 49. Qc3 h5 50. Re1 Qf4+ 51. Qg3 Qb4 52. Qe5 Qd6 53. Qxd6 Rxd6 54. Kg3 g5 55. Re2 Kg7 56. Kf2 Kg6 57. g3 Rd3 58. Kg2 h4 59. gxh4 gxh4 60. Ra2 Rg3+ 0-1

[Event "Brasschaat op 03rd"]
[Site "Brasschaat"]
[Date "2003.08.27"]
[Round "5"]
[White "Van der Stricht, Jan"]
[Black "Van Vlaenderen, Koen"]
[Result "0-1"]
[WhiteElo "1972"]
[BlackElo "2121"]
[PlyCount "38"]
[EventDate "2003.08.24"]
[EventType "swiss"]
[EventRounds "9"]
[EventCountry "BEL"]
[SourceTitle "EXT 2017"]
[Source "ChessBase"]
[SourceDate "2016.10.25"]
[SourceVersion "1"]
[SourceVersionDate "2016.10.25"]
[SourceQuality "1"]

1. e4 e5 2. Nf3 Nc6 3. Bb5 f5 4. Nc3 fxe4 5. Nxe4 Nf6 6. Nxf6+ Qxf6 7. Qe2 Be7 8. Bxc6 dxc6 9. Qxe5 Bg4 10. d4 Bxf3 11. gxf3 Qxf3 12. 0-0 0-0-0 13. Bf4 Bd6 14. Qe6+ Kb8 15. Bg3 Rhe8 16. Qc4 h5 17. Rfe1 Qg4 18. Rxe8 Rxe8 19. Kh1 h4 0-1

[Event "Brasschaat op 03rd"]
[Site "Brasschaat"]
[Date "2003.08.??"]
[Round "6"]
[White "Van Vlaenderen, Koen"]
[Black "Talon, Alain"]
[Result "0-1"]
[WhiteElo "2121"]
[BlackElo "2117"]
[PlyCount "77"]
[EventDate "2003.08.24"]
[EventType "swiss"]
[EventRounds "9"]
[EventCountry "BEL"]
[SourceTitle "EXT 2017"]
[Source "ChessBase"]
[SourceDate "2016.10.25"]
[SourceVersion "1"]
[SourceVersionDate "2016.10.25"]
[SourceQuality "1"]

1. e4 e5 2. Nf3 d6 3. d4 Qe7 4. dxe5 dxe5 5. Nc3 c6 6. Bg5 Nf6 7. Qd2 Nbd7 8. 0-0-0 Qc5 9. Nh4 Qa5 10. Nf5 Rg8 11. Bc4 b5 12. Bxf6 gxf6 13. Bb3 Qb6 14. Nh6 Bxh6 15. Qxh6 a5 16. Rxd7 Bxd7 17. Qxf6 Rf8 18. Qxe5+ Kd8 19. Rd1 Qc7 20. Qg7 Qf4+ 21. Kb1 Kc7 22. Qd4 Rfd8 23. g3 Qg5 24. Qd6+ Kb7 25. Nd5 Rac8 26. Nf6 Rc7 27. Bxf7 Bg4 28. Qxd8 Bxd1 29. Qxd1 Qxf6 30. Bh5 Qxf2 31. e5 Qe3 32. a3 Re7 33. e6 Qxe6 34. Bf3 Qe1 35. Qxe1 Rxe1+ 36. Ka2 Kb6 37. h4 Rg1 38. Bg4 Rxg3 39. Bf5 0-1

[Event "BEL-chT2 0102"]
[Site "Belgium"]
[Date "2001.12.23"]
[Round "5"]
[White "Van Vlaenderen, Koen"]
[Black "Schuermans, Robert"]
[Result "0-1"]
[WhiteElo "2101"]
[BlackElo "2214"]
[PlyCount "108"]
[EventDate "2001.10.01"]
[EventType "team"]
[EventRounds "11"]
[EventCountry "BEL"]
[SourceTitle "EXT 2003"]
[Source "ChessBase"]
[SourceDate "2002.11.25"]
[SourceVersion "1"]
[SourceVersionDate "2002.11.25"]
[SourceQuality "1"]

1. e4 e5 2. Nf3 Nc6 3. Nc3 Nf6 4. d4 exd4 5. Nd5 Be7 6. Bc4 0-0 7. 0-0 d6 8. Nxd4 Nxd4 9. Qxd4 Nxd5 10. exd5 Bf5 11. Bd3 Bf6 12. Qc4 Bxd3 13. Qxd3 Re8 14. Bd2 Bxb2 15. Rab1 Qf6 16. c3 Ba3 17. Rxb7 Bc5 18. Rb3 Re5 19. c4 Qh4 20. Be3 Bxe3 21. fxe3 Re4 22. g3 Qe7 23. Rf4 Rxf4 24. gxf4 g6 25. Qd4 Qh4 26. Rb2 Qe1+ 27. Kg2 a5 28. f5 Re8 29. f6 h6 30. Qf4 Kh7 31. h4 Rxe3 32. Qf2 Qc1 33. Qd2 Qxd2+ 34. Rxd2 g5 35. h5 Re4 36. Rb2 Rxc4 37. Rb8 Rf4 38. Ra8 Rxf6 39. Rxa5 Rf5 40. Ra7 Rxd5 41. Rxc7 Kg7 42. Kf3 Kf6 43. Ra7 Ke6 44. a4 Rd3+ 45. Kg2 Ra3 46. a5 f5 47. a6 Ke5 48. Rh7 Kf4 49. a7 Ra2+ 50. Kf1 Kf3 51. Ke1 g4 52. Rc7 Ra1+ 53. Kd2 g3 54. Re7 g2 0-1